| 000 | 00534nam a22001457a 4500 | ||
|---|---|---|---|
| 999 |
_c6752 _d6752 |
||
| 003 | OSt | ||
| 005 | 20240223131019.0 | ||
| 008 | 140902b cl ||||| |||| 00| 0 spa d | ||
| 040 |
_bcat _cCDMR |
||
| 245 | 0 | 0 |
_aManual de periodismo de datos iberoamericano _ceditado por Felipe Perry y Miguel Paz _h[recurs electrònic] |
| 260 |
_a[s.n] _bPoderomedia _c2014- |
||
| 650 | 0 | 4 |
_93238 _aPeriodisme de precisió |
| 856 | 4 | 0 |
_uhttp://manual.periodismodedatos.org _yManual de periodismo de datos iberoamericano _z(Accés lliure) |
| 942 |
_cRECURS_WEB _2udc |
||